00811nam a2200301Ia 4500008004100000020001400041050001000055050001400065100002200079245002500101245003500126245002200161260001000183260001100193260000900204300002100213300002000234300001000254500005500264650002800319650002600347650002100373650002200394650003500416650001900451650002800470700001100498170711s9999 xx 000 0 und d a761505075 a379.1 bM478 1996 aMcGroarty, Daniel aBreak these chains : bthe battle for school choice / cDaniel McGroarty. aUSA : bForum, c1996 axxi, 258 pages : billustrations ; c23cm. aIncludes notes, bibliographic reference and index. aEducational vouchers -- aEducational vouchers. aSchool choice -- aSchool choice --  xUnited States -- Case studies. xUnited States. xWisconsin -- Milwaukee. aTitle.